[Event "33rd Zalakaros Open 2014"]
[Site "Zalakaros HUN"]
[Date "2014.05.24"]
[Round "2.11"]
[White "Seres, Lajos"]
[Black "Horvath, Adam1"]
[Result "1/2-1/2"]
[WhiteTitle "GM"]
[BlackTitle "GM"]
[WhiteElo "2435"]
[BlackElo "2531"]
[WhiteFideId "701254"]
[BlackFideId "708003"]
[EventDate "2014.05.23"]
[EventType "tourn"]

1. d4 Nf6 2. c4 e6 3. Nf3 Bb4+ 4. Bd2 a5 5. g3 d5 6. Qc2 O-O 7. Bg2 Be7 8. O-O
c6 9. Bg5 Nbd7 10. Nbd2 b6 11. e4 Ba6 12. Rfe1 Rc8 13. Rac1 h6 14. Bf4 Nh5 15.
Be3 Nhf6 16. Bf4 Nxe4 17. Nxe4 dxe4 18. Qxe4 b5 19. c5 Nf6 20. Qe2 Nd5 21. Bd2
Bf6 22. Ne5 Re8 23. Qh5 Bxe5 24. dxe5 b4 25. Bxh6 gxh6 26. Be4 Ne7 27. Qxh6 Nf5 1/2-1/2

[Event "33rd Zalakaros Open 2014"]
[Site "Zalakaros HUN"]
[Date "2014.05.24"]
[Round "2.12"]
[White "Czebe, Attila"]
[Black "Chernyshov, Konstantin"]
[Result "0-1"]
[WhiteTitle "GM"]
[BlackTitle "GM"]
[WhiteElo "2409"]
[BlackElo "2508"]
[WhiteFideId "705268"]
[BlackFideId "4117328"]
[EventDate "2014.05.23"]
[EventType "tourn"]

1. e4 c6 2. Nc3 d5 3. Nf3 Nf6 4. e5 Ne4 5. d4 Nxc3 6. bxc3 Bg4 7. h3 Bxf3 8.
Qxf3 e6 9. Bd3 Nd7 10. O-O Be7 11. Qg3 g6 12. Bh6 Qa5 13. c4 dxc4 14. Bxc4 Bf8
15. Bxf8 Rxf8 16. Qh4 h5 17. Bb3 Qd8 18. Qe4 Qe7 19. a4 O-O-O 20. a5 a6 21. c4
c5 22. Rfc1 f5 23. Qe1 g5 24. Rab1 g4 25. Bd1 Nb8 26. d5 exd5 27. cxd5 Rxd5 28.
f4 Nc6 29. Qc3 Nd4 0-1

[Event "33rd Zalakaros Open 2014"]
[Site "Zalakaros HUN"]
[Date "2014.05.24"]
[Round "2.13"]
[White "Horvath, Jozsef1"]
[Black "Korpa, Bence"]
[Result "1/2-1/2"]
[WhiteTitle "GM"]
[BlackTitle "FM"]
[WhiteElo "2507"]
[BlackElo "2415"]
[WhiteFideId "700061"]
[BlackFideId "706671"]
[EventDate "2014.05.23"]
[EventType "tourn"]

1. d4 d5 2. c4 c6 3. Nc3 Nf6 4. e3 Bf5 5. cxd5 cxd5 6. Qb3 Bc8 7. Bd2 Nc6 8. Rc1
e6 9. a3 Be7 10. Bd3 O-O 11. Nf3 Bd7 12. O-O Rc8 13. Qa2 a6 14. h3 Bd6 15. e4
dxe4 16. Nxe4 Nxe4 17. Bxe4 Qb6 18. Be3 Qa5 19. d5 Nb4 20. Bxh7+ Kh8 21. Qb1
Nxd5 22. Rxc8 Rxc8 23. Bd2 Qb6 24. Ng5 Be8 25. Be4 g6 26. Bxd5 exd5 27. Bc3+ d4
28. Bd2 Kg8 29. Re1 Bc6 30. Re6 Be8 31. Qe4 Bh2+ 32. Kxh2 fxe6 33. Bf4 Qc6 34.
Qxd4 Qd5 35. Qe3 Bc6 36. Qg3 Qf5 37. Qh4 Qf6 38. Qh7+ Kf8 39. Bd6+ Ke8 40. f4
Rd8 41. Be5 Rd2 1/2-1/2

[Event "33rd Zalakaros Open 2014"]
[Site "Zalakaros HUN"]
[Date "2014.05.24"]
[Round "2.14"]
[White "To, Nhat Minh"]
[Black "Onischuk, Vladimir"]
[Result "1/2-1/2"]
[WhiteTitle "IM"]
[BlackTitle "GM"]
[WhiteElo "2329"]
[BlackElo "2594"]
[WhiteFideId "729019"]
[BlackFideId "14114038"]
[EventDate "2014.05.23"]
[EventType "tourn"]

1. d4 d6 2. e4 g6 3. c4 Bg7 4. Nc3 Nc6 5. Be3 e5 6. d5 Nce7 7. c5 f5 8. Bb5+ Kf7
9. Bc4 f4 10. Bd2 g5 11. h4 g4 12. g3 f3 13. h5 Bh6 14. Nxf3 gxf3 15. Qxf3+ Kg7
16. g4 Bxd2+ 17. Kxd2 h6 18. Rhg1 Rh7 19. Raf1 Kh8 20. cxd6 cxd6 21. Qe3 Nf6 22.
Be2 Neg8 23. f4 exf4 24. Rxf4 Qe7 25. g5 hxg5 26. Rxg5 Bd7 27. e5 dxe5 28. Rxe5
Qd6 29. Qd4 Re8 30. Rg5 Rg7 31. Rxg7 Kxg7 32. Rf2 a6 33. Qd3 Kh8 34. h6 Qb6 1/2-1/2

[Event "33rd Zalakaros Open 2014"]
[Site "Zalakaros HUN"]
[Date "2014.05.24"]
[Round "2.15"]
[White "Grigoriants, Sergey"]
[Black "Madl, Ildiko"]
[Result "1-0"]
[WhiteTitle "GM"]
[BlackTitle "IM"]
[WhiteElo "2595"]
[BlackElo "2328"]
[WhiteFideId "4130804"]
[BlackFideId "700550"]
[EventDate "2014.05.23"]
[EventType "tourn"]

1. Nf3 d5 2. d4 c6 3. c4 Nf6 4. Nc3 e6 5. e3 Nbd7 6. Qc2 Bd6 7. Bd3 dxc4 8. Bxc4
O-O 9. O-O a6 10. Rd1 b5 11. Be2 Qc7 12. e4 e5 13. g3 Re8 14. a3 Bb7 15. dxe5
Nxe5 16. Nd4 Ng6 17. Bg5 Be5 18. Bxf6 Bxf6 19. Nd5 Qe5 20. Nxf6+ Qxf6 21. Nb3 c5
22. Nxc5 Rac8 23. Rac1 Qg5 24. Bf3 a5 25. Bg2 a4 26. f4 Qe7 27. Rd7 Qxd7 28.
Nxd7 Rxc2 29. Rxc2 f6 30. Nc5 Rc8 31. Rc3 Bc6 32. Ne6 Ne7 33. Nd4 Bd7 34. Rxc8+
Nxc8 35. Bf1 Na7 36. Kf2 Kf7 37. Ke3 Ke7 38. e5 fxe5 39. fxe5 Nc6 40. Nxc6+ Bxc6
41. Kd4 1-0

[Event "33rd Zalakaros Open 2014"]
[Site "Zalakaros HUN"]
[Date "2014.05.24"]
[Round "2.16"]
[White "Antal, Tibor Kende"]
[Black "Papp, Gabor1"]
[Result "0-1"]
[WhiteTitle "FM"]
[BlackTitle "GM"]
[WhiteElo "2357"]
[BlackElo "2580"]
[WhiteFideId "738581"]
[BlackFideId "718602"]
[EventDate "2014.05.23"]
[EventType "tourn"]

1. e4 e5 2. Nf3 Nc6 3. Bb5 a6 4. Ba4 Nf6 5. O-O Be7 6. Re1 b5 7. Bb3 O-O 8. h3
Bb7 9. c3 d5 10. exd5 Nxd5 11. Nxe5 Nxe5 12. Rxe5 Nf4 13. d4 Nxg2 14. d5 Nh4 15.
Be3 Qd7 16. Nd2 Qxh3 17. Qf1 Qg4+ 18. Kh1 Ng6 19. Re4 Bxd5 20. Bxd5 Qh5+ 21. Kg1
Qxd5 22. Rd4 Qh5 23. Qg2 Rad8 24. Nf3 Rxd4 25. Nxd4 Nh4 26. Qg3 c5 27. Nc6 Bf6
28. a4 Qd5 29. axb5 axb5 30. Ra6 Re8 31. Qg4 Nf3+ 32. Kh1 Qd1+ 33. Kg2 Nh4+ 34.
Kh3 Qh1+ 0-1

[Event "33rd Zalakaros Open 2014"]
[Site "Zalakaros HUN"]
[Date "2014.05.24"]
[Round "2.17"]
[White "Antal, Gergely"]
[Black "Havasi, Gergo"]
[Result "1-0"]
[WhiteTitle "GM"]
[WhiteElo "2529"]
[BlackElo "2302"]
[WhiteFideId "717312"]
[BlackFideId "760293"]
[EventDate "2014.05.23"]
[EventType "tourn"]

1. e4 c5 2. Nf3 d6 3. d4 cxd4 4. Nxd4 Nf6 5. Nc3 a6 6. Be2 e5 7. Nb3 Be7 8. Bg5
Be6 9. Bxf6 Bxf6 10. Qd3 O-O 11. Rd1 Be7 12. Nd5 Bxd5 13. Qxd5 Qc7 14. O-O Nd7
15. c3 Rad8 16. Bf3 b5 17. Na1 Nb6 18. Qb3 Nc4 19. Rd5 Kh8 20. Nc2 Na5 21. Qb4
Nc4 22. Ne3 Nxe3 23. fxe3 Qb6 24. Re1 Bg5 25. Rd3 Be7 26. Qb3 Qc5 27. Rd5 Qc6
28. Qc2 Qc4 29. a3 Rb8 30. Red1 g6 31. Be2 Qc7 32. Qd2 Qb6 33. Re1 Bh4 34. g3
Be7 35. Bd1 f5 36. exf5 Rxf5 37. Bc2 Rf6 38. Qe2 Rbf8 39. Be4 Kg7 40. Rdd1 Qc5
41. Rd2 R6f7 42. Bd5 Rf5 43. Bg2 h5 44. h4 R5f6 45. Qd3 Qc8 46. Qe4 R8f7 47. Rf1
Qc5 48. Rxf6 Rxf6 49. Bf1 Bd8 50. Bg2 Bb6 51. Re2 a5 52. Kh2 Kh6 53. Qd3 b4 54.
cxb4 axb4 55. a4 Rf8 56. Be4 Rf6 57. Qd5 Qc8 58. Rc2 Qf8 59. a5 Bxe3 60. Bg2 Rf2
61. Rxf2 Bxf2 62. Qd2+ Kh7 63. Qxb4 Qe7 64. Qd2 Bd4 65. b4 Qf7 66. b5 Qb3 67. b6
Qb1 68. Qg5 Bc5 69. Qe7+ Kh8 70. Qf8+ Kh7 71. Qf7+ Kh6 72. Qf8+ Kh7 73. b7 Ba7
74. Bd5 Qc2+ 75. Bg2 Qb1 76. Qc8 Kg7 77. Qe6 Kh7 78. Qf7+ Kh6 79. Bd5 Qc2+ 80.
Kh3 Qf5+ 81. Qxf5 gxf5 82. Bf7 e4 83. Kg2 Bb8 84. a6 Ba7 85. Kf1 Kg7 86. Bxh5 d5
87. Be8 Kf6 88. Bb5 d4 89. Ke2 d3+ 90. Kd2 Ke5 91. h5 Kd4 92. Bxd3 1-0

[Event "33rd Zalakaros Open 2014"]
[Site "Zalakaros HUN"]
[Date "2014.05.24"]
[Round "2.18"]
[White "Ekdyshman, Mikhail"]
[Black "Medvegy, Zoltan"]
[Result "1/2-1/2"]
[WhiteTitle "IM"]
[BlackTitle "GM"]
[WhiteElo "2351"]
[BlackElo "2522"]
[WhiteFideId "4149416"]
[BlackFideId "708402"]
[EventDate "2014.05.23"]
[EventType "tourn"]

1. d4 Nf6 2. Nc3 d5 3. Bg5 h6 4. Bxf6 exf6 5. a3 c6 6. e3 Bd6 7. Bd3 f5 8. Qf3
g6 9. h4 h5 10. Nce2 Nd7 11. c4 Nf6 12. Nc3 Be6 13. cxd5 Nxd5 14. Nge2 O-O 15.
g3 Qe7 16. O-O Rfd8 17. Rfe1 a5 18. Rac1 Nf6 19. Nf4 Bxf4 20. Qxf4 Nd5 21. Nxd5
Bxd5 22. Rc5 Kg7 23. Rec1 Qd6 24. Qxd6 Rxd6 25. Bf1 Kf6 26. Bg2 Ke6 27. f3 Bb3
28. Bf1 Kd7 29. Kf2 a4 30. R5c3 Ra5 31. Bc4 Bxc4 32. Rxc4 Rdd5 33. Rb4 Rdb5 34.
Ke2 Rxb4 35. axb4 Ra6 36. Ra1 Kd6 37. Kd3 Ra8 38. Ra3 f6 39. Kc4 1/2-1/2

[Event "33rd Zalakaros Open 2014"]
[Site "Zalakaros HUN"]
[Date "2014.05.24"]
[Round "2.19"]
[White "Hoang, Thanh Trang"]
[Black "Szamoskozi, Gabor"]
[Result "1/2-1/2"]
[WhiteTitle "GM"]
[BlackTitle "FM"]
[WhiteElo "2509"]
[BlackElo "2358"]
[WhiteFideId "12400149"]
[BlackFideId "719056"]
[EventDate "2014.05.23"]
[EventType "tourn"]

1. d4 Nf6 2. c4 c5 3. d5 b5 4. cxb5 a6 5. bxa6 Bxa6 6. Nc3 g6 7. Nf3 d6 8. e4
Bxf1 9. Kxf1 Bg7 10. g3 O-O 11. Kg2 Nbd7 12. a4 Ng4 13. Qe2 Nge5 14. Nd2 Nb6 15.
a5 Nc8 16. f4 Nd7 17. Nc4 Ndb6 18. Nxb6 Nxb6 19. Bd2 Nd7 20. Na4 Qc7 21. Rhc1
Qb7 22. Rab1 Qb3 23. Qc4 Rfb8 24. Nb6 Qxc4 25. Nxc4 f5 26. e5 dxe5 27. fxe5 Nxe5
28. Bf4 Nxc4 29. Bxb8 Nd2 30. Bc7 c4 31. Bb6 Kf7 32. Kf2 c3 33. bxc3 Nxb1 34.
Rxb1 Bxc3 35. Rb5 Rb8 36. d6 exd6 37. Rd5 Ra8 38. Rxd6 Bxa5 39. Bxa5 Rxa5 40.
Rd7+ Kg8 41. h4 Ra6 42. Kf3 Rf6 43. Kf4 Rf7 44. Rd8+ Kg7 45. h5 Kh6 46. hxg6
hxg6 47. Rh8+ Kg7 48. Ra8 Kh6 49. Rh8+ Rh7 50. Rxh7+ Kxh7 51. g4 fxg4 52. Kxg4
Kh6 53. Kh4 g5+ 54. Kg4 Kg6 55. Kg3 Kf5 56. Kf3 g4+ 57. Kg3 Kg5 58. Kg2 Kf4 59.
Kf2 g3+ 60. Kg2 Kg4 1/2-1/2

[Event "33rd Zalakaros Open 2014"]
[Site "Zalakaros HUN"]
[Date "2014.05.24"]
[Round "2.20"]
[White "Gara, Anita"]
[Black "Fodor, Tamas Jr."]
[Result "0-1"]
[WhiteTitle "IM"]
[BlackTitle "GM"]
[WhiteElo "2326"]
[BlackElo "2462"]
[WhiteFideId "709751"]
[BlackFideId "723762"]
[EventDate "2014.05.23"]
[EventType "tourn"]

1. e4 e5 2. Nf3 Nc6 3. Bc4 Bc5 4. c3 Nf6 5. d3 O-O 6. O-O d6 7. Bb3 h6 8. h3 a6
9. Nbd2 Ba7 10. Re1 Ne7 11. Nf1 Ng6 12. Ng3 c6 13. d4 Qc7 14. Be3 Rd8 15. Qe2 c5
16. d5 b5 17. a4 Bd7 18. Bc2 Re8 19. Nh2 c4 20. Bxa7 Rxa7 21. Ng4 Nxg4 22. hxg4
Nf4 23. Qe3 Rb8 24. Ne2 Ng6 25. f3 bxa4 26. Reb1 Rab7 27. Qc1 Qa5 28. g3 f6 29.
Ra2 Kf7 30. Kg2 Rh8 31. Rba1 Qb6 32. Bxa4 Bxa4 33. Rxa4 Qxb2 34. Qxb2 Rxb2 35.
R1a2 Rxa2 36. Rxa2 Ra8 37. Ra4 Nf8 38. Rxc4 Nd7 39. Ra4 Nc5 40. Ra2 Rb8 41. Kf2
Rb1 42. Ke3 Ke7 43. Kd2 Rf1 44. Ke3 Kd7 45. c4 Kc7 46. Nc3 Rc1 47. Kd2 Rg1 48.
Ne2 Rf1 49. Ke3 Rb1 50. Rc2 Rb3+ 51. Nc3 Kb6 52. Kd2 Ka5 53. Rc1 Rb2+ 54. Ke3
Kb4 55. Nd1 Rb3+ 56. Ke2 a5 57. Ne3 a4 58. Nc2+ Ka5 59. Ra1 Rc3 60. Ne3 Nb3 61.
Rb1 a3 62. Nd1 Rxf3 63. Ne3 Rxe3+ 64. Kxe3 a2 65. Rxb3 a1=Q 66. Rd3 Kb4 67. Rd2
Qe1+ 0-1

[Event "33rd Zalakaros Open 2014"]
[Site "Zalakaros HUN"]
[Date "2014.05.24"]
[Round "2.21"]
[White "Dankhazi, Andras"]
[Black "Nagy, Gabor1"]
[Result "0-1"]
[BlackTitle "IM"]
[WhiteElo "2203"]
[BlackElo "2438"]
[WhiteFideId "714267"]
[BlackFideId "737119"]
[EventDate "2014.05.23"]
[EventType "tourn"]

1. c4 e5 2. g3 h5 3. Nc3 h4 4. g4 d5 5. cxd5 Bxg4 6. d4 Bd6 7. h3 Bh5 8. Bg2 Nd7
9. dxe5 Bxe5 10. Qb3 Ne7 11. Nf3 Bxf3 12. Bxf3 Nf5 13. Qxb7 Rb8 14. Qxa7 O-O 15.
Qa4 Nd4 16. Bg2 Nc5 17. Qd1 Nf5 18. O-O Re8 19. e4 Nd6 20. Be3 Bxc3 21. bxc3
Ncxe4 22. Qd3 Qf6 23. c4 Ng5 24. c5 Nf5 25. Bf4 Rb4 26. Bxc7 Rd4 27. Qb5 Ree4
28. Qb6 Nxh3+ 29. Bxh3 Qg5+ 30. Kh2 Rd2 31. Qb8+ Kh7 32. Qb1 Ng3 33. Bg2 Nxf1+
34. Qxf1 Ree2 35. Kg1 Rxf2 36. Qxf2 Rxf2 37. Kxf2 Qf6+ 38. Ke2 Qxa1 39. Be4+ g6
40. c6 Qxa2+ 41. Ke1 h3 42. Bf3 h2 43. d6 Qa3 44. Bg2 Qe3+ 45. Kf1 Qg1+ 0-1

[Event "33rd Zalakaros Open 2014"]
[Site "Zalakaros HUN"]
[Date "2014.05.24"]
[Round "2.22"]
[White "Juhasz, Barbara"]
[Black "Horvath, Csaba"]
[Result "0-1"]
[WhiteTitle "WFM"]
[BlackTitle "GM"]
[WhiteElo "2161"]
[BlackElo "2560"]
[WhiteFideId "743585"]
[BlackFideId "700118"]
[EventDate "2014.05.23"]
[EventType "tourn"]

1. e4 c5 2. Nf3 e6 3. b3 b6 4. c4 Bb7 5. Nc3 Nc6 6. Bb2 Nf6 7. Bd3 a6 8. O-O Bd6
9. Qe2 Qc7 10. Na4 Ng4 11. h3 Nge5 12. Nxe5 Bxe5 13. Bxe5 Nxe5 14. f4 Nc6 15.
Nc3 O-O-O 16. Qf2 h6 17. Be2 Nd4 18. Rab1 g5 19. Bh5 f5 20. exf5 Nxf5 21. Bf3
Rhg8 22. Bxb7+ Qxb7 23. Qf3 Qxf3 24. Rxf3 Nh4 25. Rf2 gxf4 26. Kh2 Ng6 27. b4
Kc7 28. a4 cxb4 29. Rxb4 Ne5 30. Rb1 Rdf8 31. Ne4 Nxc4 32. Rc1 d5 33. d3 Kb7 34.
Ng5 hxg5 35. dxc4 Rc8 36. Rfc2 Rxc4 37. Rxc4 dxc4 38. Rxc4 e5 0-1

[Event "33rd Zalakaros Open 2014"]
[Site "Zalakaros HUN"]
[Date "2014.05.24"]
[Round "2.23"]
[White "Almasi, Istvan"]
[Black "Papp, Petra"]
[Result "1/2-1/2"]
[WhiteTitle "IM"]
[BlackTitle "WGM"]
[WhiteElo "2403"]
[BlackElo "2292"]
[WhiteFideId "701742"]
[BlackFideId "739049"]
[EventDate "2014.05.23"]
[EventType "tourn"]

1. d4 Nf6 2. Nf3 g6 3. Bf4 Bg7 4. Nbd2 d5 5. e3 O-O 6. Bd3 c5 7. c3 Nc6 8. h3
Nd7 9. O-O e5 10. dxe5 Ndxe5 11. Bc2 Nxf3+ 12. Nxf3 d4 13. cxd4 cxd4 14. exd4
Nxd4 15. Nxd4 Qxd4 16. Qxd4 Bxd4 17. Bh6 Rd8 18. Rad1 Be6 1/2-1/2

[Event "33rd Zalakaros Open 2014"]
[Site "Zalakaros HUN"]
[Date "2014.05.24"]
[Round "2.24"]
[White "Rigo, Janos"]
[Black "Balazs, Gabor2"]
[Result "0-1"]
[WhiteTitle "IM"]
[WhiteElo "2266"]
[BlackElo "2397"]
[WhiteFideId "700371"]
[BlackFideId "731374"]
[EventDate "2014.05.23"]
[EventType "tourn"]

1. e4 c5 2. Nf3 e6 3. c3 d5 4. Bb5+ Bd7 5. Bxd7+ Qxd7 6. exd5 Qxd5 7. O-O Nf6 8.
Na3 Be7 9. Qa4+ Nc6 10. Nc4 O-O 11. Re1 Rfd8 12. Nce5 Nxe5 13. Rxe5 Qd3 14. Re3
Qf5 15. Re5 Qd3 16. Re3 Qd6 17. d4 cxd4 18. Nxd4 e5 19. Nf3 Qd1+ 20. Qxd1 Rxd1+
21. Re1 Rxe1+ 22. Nxe1 Bc5 23. Kf1 Rd8 24. Bg5 Rd6 25. Bxf6 Rxf6 26. Nd3 Bd6 27.
Re1 Re6 28. f3 f5 29. h3 Kf7 30. c4 b6 31. a3 a5 32. b4 axb4 33. axb4 e4 34.
fxe4 fxe4 35. Nf2 Bxb4 36. Rxe4 Bc5 37. Rf4+ Rf6 38. g3 Rxf4 39. gxf4 Kf6 40.
Nd3 Kf5 41. Ke2 Ke4 42. Kd2 h5 43. Ke2 h4 44. f5 Kxf5 45. Kf3 g5 46. Nb2 Ke5 47.
Na4 Bd4 48. Kg4 Kf6 49. c5 Bxc5 50. Nc3 Kg6 51. Nb5 Be7 52. Nc7 Bd6 53. Nb5 Be5
54. Na7 Bf4 55. Nb5 Kf6 56. Nd4 Ke5 0-1

[Event "33rd Zalakaros Open 2014"]
[Site "Zalakaros HUN"]
[Date "2014.05.24"]
[Round "2.25"]
[White "Gledura, Benjamin"]
[Black "Szalanczy, Emil"]
[Result "1-0"]
[WhiteTitle "FM"]
[BlackTitle "IM"]
[WhiteElo "2395"]
[BlackElo "2266"]
[WhiteFideId "712779"]
[BlackFideId "700347"]
[EventDate "2014.05.23"]
[EventType "tourn"]

1. Nf3 c5 2. g3 g6 3. Bg2 Bg7 4. O-O Nf6 5. c4 Nc6 6. Nc3 O-O 7. d4 cxd4 8. Nxd4
Ng4 9. e3 d6 10. b3 Nxd4 11. exd4 Rb8 12. Bb2 Nh6 13. Qd2 Nf5 14. d5 Qa5 15.
Rfe1 b5 16. cxb5 Rxb5 17. Re4 Rb7 18. Rc4 Bd7 19. Rc1 Bh6 20. f4 Bg7 21. Kh1 h5
22. Ba1 Rc8 23. Rxc8+ Bxc8 24. Ne4 Rc7 25. Rxc7 Qxc7 26. Bxg7 Kxg7 27. Qb2+ f6
28. Qc3 Qxc3 29. Nxc3 h4 30. Be4 hxg3 31. Bxf5 g2+ 32. Kxg2 Bxf5 33. Kf3 g5 34.
b4 Bc8 35. a4 Bb7 36. Ke4 Kg6 37. fxg5 Kxg5 38. Ke3 f5 39. b5 Kg4 40. a5 a6 41.
bxa6 Bxa6 42. Ne2 Kh3 43. Nd4 Bc4 44. Nxf5 Bxd5 45. Nxe7 Bb7 46. Kd4 Kxh2 47.
Nf5 d5 48. Nd6 Ba8 49. a6 Kh3 50. Nb7 1-0

[Event "33rd Zalakaros Open 2014"]
[Site "Zalakaros HUN"]
[Date "2014.05.24"]
[Round "2.26"]
[White "Varga, Klara"]
[Black "Sean, Winshand Cuhendi"]
[Result "0-1"]
[WhiteTitle "WIM"]
[BlackTitle "FM"]
[WhiteElo "2260"]
[BlackElo "2385"]
[WhiteFideId "733210"]
[BlackFideId "7101554"]
[EventDate "2014.05.23"]
[EventType "tourn"]

1. e4 c5 2. Nf3 e6 3. d4 cxd4 4. Nxd4 Nc6 5. Nc3 Qc7 6. Nb3 a6 7. Bd3 Nf6 8. f4
d6 9. O-O Be7 10. Qe2 O-O 11. Kh1 b5 12. a3 Bb7 13. Bd2 Rfe8 14. Rae1 g6 15. Qf2
b4 16. axb4 Nxb4 17. Nb5 Nxd3 18. Nxc7 Nxf2+ 19. Rxf2 Nxe4 20. Rfe2 f5 21. Nxe8
Rxe8 22. Bb4 Rc8 23. c3 Bh4 24. Ra1 Kf7 25. Nd2 Nc5 26. Nc4 Be7 27. Bxc5 Rxc5
28. Nd2 Bf6 29. Rd1 Bd5 30. h3 a5 31. c4 Ba8 32. Kh2 a4 33. Ra1 Bc6 34. Ra2 g5
35. b4 axb3 36. Ra7+ Be7 37. Nxb3 Rxc4 38. Na5 Rc5 39. Nxc6 Rxc6 40. Rb2 Rc8 41.
Rbb7 Re8 42. fxg5 e5 43. h4 Ke6 44. Kg3 e4 45. Kf4 d5 46. Ra6+ Bd6+ 47. Ke3 Ke5
48. Rxh7 Rb8 49. Rxd6 f4+ 50. Ke2 Kxd6 51. Ra7 Rb2+ 52. Kf1 Rb1+ 53. Kf2 e3+ 54.
Ke2 Rg1 55. g6 Rxg2+ 56. Kd3 Rd2+ 57. Kc3 d4+ 58. Kc4 e2 0-1

[Event "33rd Zalakaros Open 2014"]
[Site "Zalakaros HUN"]
[Date "2014.05.24"]
[Round "2.27"]
[White "Kantor, Gergely"]
[Black "Goczo, Melinda"]
[Result "1-0"]
[WhiteTitle "FM"]
[BlackTitle "WIM"]
[WhiteElo "2380"]
[BlackElo "2229"]
[WhiteFideId "751499"]
[BlackFideId "711985"]
[EventDate "2014.05.23"]
[EventType "tourn"]

1. d4 Nf6 2. c4 c5 3. d5 e5 4. Nc3 d6 5. e4 Be7 6. g3 Nbd7 7. Bg2 a6 8. Nge2 O-O
9. O-O Nh5 10. Be3 g6 11. Qd2 Ng7 12. Bh6 Rb8 13. a4 b6 14. f4 exf4 15. gxf4 f5
16. exf5 gxf5 17. Ng3 Nf6 18. Bh3 Ng4 19. Bxg4 fxg4 20. f5 Bf6 21. Rae1 Bd7 22.
Kh1 b5 23. axb5 axb5 24. Nce4 bxc4 25. Nxf6+ Qxf6 26. Ne4 Qxb2 27. Qxb2 Rxb2 28.
f6 Nf5 29. Bxf8 Kxf8 30. Ra1 c3 31. Ra8+ Kf7 32. Ra7 c2 33. Rxd7+ Kf8 34. Ra7
Nd4 35. Nxd6 Rb8 36. Rc1 Rd8 37. Nc4 Rxd5 38. Ne3 Rh5 39. Nxc2 Nf3 40. Kg2 Rxh2+
41. Kg3 h5 42. Rb1 1-0

[Event "33rd Zalakaros Open 2014"]
[Site "Zalakaros HUN"]
[Date "2014.05.24"]
[Round "2.28"]
[White "Boguszlavszkij, Jevgenyij"]
[Black "Bagi, Mate"]
[Result "1/2-1/2"]
[WhiteTitle "IM"]
[BlackTitle "FM"]
[WhiteElo "2217"]
[BlackElo "2378"]
[WhiteFideId "700614"]
[BlackFideId "742570"]
[EventDate "2014.05.23"]
[EventType "tourn"]

1. d4 Nf6 2. g3 g6 3. Bg2 d5 4. c3 Bg7 5. Nh3 O-O 6. O-O c5 7. Nf4 e6 8. dxc5
Nfd7 9. Be3 Qe7 10. Bd4 Nxc5 11. Bxg7 Kxg7 12. Nd2 Bd7 13. Nb3 Nxb3 14. axb3 Bc6
15. Re1 Rd8 16. e3 Nd7 17. Ne2 e5 18. b4 a6 19. Qb3 Nb6 20. Nc1 Bb5 21. Bf1 Bc4
22. Qc2 Rac8 23. Qd2 Qf6 24. b3 Bxf1 25. Kxf1 d4 26. c4 Qf3 27. Kg1 dxe3 28.
Qxe3 Qxe3 29. Rxe3 Rd1+ 30. Kg2 f6 31. Rd3 Rd8 32. Rxd8 Rxd8 33. Ne2 Rd3 34. Rb1
Kf7 35. g4 f5 36. gxf5 gxf5 37. Rb2 Ke6 38. Nc1 Rd1 39. Ne2 Rd3 40. Nc1 Rd7 41.
Ne2 e4 42. Ra2 Nc8 43. Ra5 Ne7 44. Nf4+ Kf6 45. b5 axb5 46. Rxb5 Ng6 47. Kg3 Ne7
48. h4 Kf7 49. Nd5 Ng6 50. Nf4 Ne7 51. Rb6 Nc8 52. Rh6 Kg7 53. Re6 Kf7 54. Re5
Kf6 55. Rb5 Rg7+ 56. Kh3 Rd7 57. Nd5+ Ke6 58. h5 Na7 59. Rb6+ Nc6 60. Nb4 Rc7
61. Kh4 h6 62. Nxc6 bxc6 63. Rb8 Ke5 64. Rh8 f4 65. Rxh6 e3 66. fxe3 fxe3 67.
Kg3 Ke4 68. Re6+ Kd3 69. Rd6+ Kc3 70. Kf3 Kxb3 71. Rd4 Re7 72. Ke2 Kc3 73. Rh4
c5 74. h6 Rh7 75. Kxe3 Kb4 76. Kd3 Kb3 77. Kd2 Rd7+ 78. Ke3 Rh7 79. Kd3 Rd7+ 80.
Ke3 Rh7 81. Ke4 Kxc4 82. Kf5+ Kb3 83. Kg6 Rh8 84. Kg7 Rc8 85. Rh3+ Kb2 1/2-1/2

[Event "33rd Zalakaros Open 2014"]
[Site "Zalakaros HUN"]
[Date "2014.05.24"]
[Round "2.29"]
[White "Csonka, Balazs"]
[Black "Kozak, Adam"]
[Result "1/2-1/2"]
[WhiteTitle "FM"]
[WhiteElo "2361"]
[BlackElo "2210"]
[WhiteFideId "742910"]
[BlackFideId "753246"]
[EventDate "2014.05.23"]
[EventType "tourn"]

1. e4 e5 2. Nf3 Nc6 3. Bb5 a6 4. Ba4 Nf6 5. O-O Be7 6. d3 d6 7. c4 Nd7 8. Be3
O-O 9. Nc3 Bf6 10. Nd5 Ne7 11. Bxd7 Nxd5 12. cxd5 Bxd7 13. Qb3 c5 14. a4 b6 15.
Nd2 Qc7 16. Rfc1 b5 17. axb5 axb5 18. Qc3 b4 19. Qc2 Bb5 20. Nc4 Be7 21. Qd1
Rfb8 22. g3 Qb7 23. Rxa8 Rxa8 24. Ra1 Ra6 25. b3 1/2-1/2

[Event "33rd Zalakaros Open 2014"]
[Site "Zalakaros HUN"]
[Date "2014.05.24"]
[Round "2.30"]
[White "Peczely, Sebastian Zsombor"]
[Black "Vajda, Szidonia"]
[Result "1/2-1/2"]
[BlackTitle "IM"]
[WhiteElo "2200"]
[BlackElo "2352"]
[WhiteFideId "750964"]
[BlackFideId "723894"]
[EventDate "2014.05.23"]
[EventType "tourn"]

1. e4 e5 2. Nf3 Nc6 3. Bb5 Nf6 4. d3 d6 5. O-O Bd7 6. c4 g6 7. Nc3 Bg7 8. Be3
O-O 9. h3 h6 10. Rc1 Nh5 11. c5 Nd4 12. Bxd7 Qxd7 13. cxd6 c6 14. Bxd4 exd4 15.
Ne2 Qxd6 16. Rc4 Nf4 17. Nxf4 Qxf4 18. Qb3 Qc7 19. Nxd4 Rad8 20. Nf3 Rfe8 21.
Rcc1 Rd7 22. Rcd1 Red8 23. Rfe1 Qb6 24. Qc4 Qb5 25. Qxb5 cxb5 26. Re3 Bxb2 27.
Rb1 Bd4 28. Nxd4 Rxd4 29. Rxb5 b6 30. Rb3 Rc8 31. Ra3 Rc1+ 32. Kh2 a5 33. Rb3
Rc6 34. f4 a4 35. Rb5 Rcd6 36. e5 Rc6 37. Rf3 Kf8 38. g4 Rc2+ 39. Kg3 Rc3 40.
Rxb6 Rdxd3 41. Rxd3 Rxd3+ 42. Kg2 Rd2+ 43. Kf3 Rxa2 44. f5 Ra3+ 45. Ke4 gxf5+
46. gxf5 Ra1 47. f6 Re1+ 48. Kd5 Kg8 49. Ra6 Rd1+ 50. Kc5 Kh7 51. Rxa4 Kg6 52.
Rd4 Ra1 53. Rf4 Ra5+ 54. Kd4 Ra4+ 55. Ke3 Ra3+ 56. Kd2 Ra2+ 57. Kc3 Ra3+ 58. Kd2
Ra2+ 1/2-1/2

[Event "33rd Zalakaros Open 2014"]
[Site "Zalakaros HUN"]
[Date "2014.05.24"]
[Round "2.32"]
[White "Havanecz, Bianka"]
[Black "Gara, Ticia"]
[Result "1/2-1/2"]
[BlackTitle "WGM"]
[WhiteElo "2195"]
[BlackElo "2338"]
[WhiteFideId "704814"]
[BlackFideId "717444"]
[EventDate "2014.05.23"]
[EventType "tourn"]

1. Nf3 e6 2. c4 b6 3. g3 Bb7 4. Bg2 f5 5. Nc3 Nf6 6. O-O Be7 7. b3 O-O 8. Bb2 a5
9. d4 Na6 10. Ne5 Bxg2 11. Kxg2 Qe8 12. Rc1 d6 13. Nf3 Qh5 14. Qd2 Rae8 15. a3
Ne4 16. Nxe4 fxe4 17. Ng1 d5 18. f3 Bg5 19. e3 exf3+ 20. Rxf3 Qh6 21. Rcf1 Rxf3
22. Rxf3 Rf8 23. Bc1 Qg6 24. Kf2 Qb1 25. Rxf8+ Kxf8 26. Nf3 Bf6 27. Bb2 Nc5 28.
dxc5 Qxb2 29. Qxb2 Bxb2 30. cxb6 cxb6 31. a4 dxc4 32. bxc4 Ke7 33. Ke2 Kd6 34.
Ne1 Bf6 35. Nd3 g6 36. Kf3 Bc3 37. h3 Ke7 38. Nf2 Be5 39. g4 Bd6 40. Ne4 Bc7 41.
Ke2 1/2-1/2